| 000 | 00714nam a2200217 a 4500 | ||
|---|---|---|---|
| 005 | 20221027063410.0 | ||
| 008 | 060217s2004 mx r 000 0 spa d | ||
| 020 | _a8449315093 | ||
| 035 | _aUPN01000142456 | ||
| 049 | _aCG | ||
| 050 | 4 |
_aHV5276 _bF4.2 |
|
| 100 | 1 | _aFletcher, Anne M. | |
| 245 | 1 | 0 |
_aCómo dejar el alcohol : _bnuevas soluciones para el problema de la bebida / _cAnne M. Fletcher ; tr. Alicia Sánchez Millet. |
| 260 |
_aBarcelona, Esp. : _bPaidós, _cc2004. |
||
| 300 | _a372 p. | ||
| 440 | 0 |
_aDivulgación/Autoayuda ; _v207 |
|
| 534 |
_pTítulo original: _tSober for good |
||
| 650 | 4 |
_aALCOHOLICOS - _xREHABILITACION _92815 |
|
| 650 | 7 |
_aAlcoholismo _xTratamiento _2 _92126 |
|
| 905 | _aLibro | ||
| 999 |
_c114603 _d114603 |
||